书目信息 |
| 题名: |
篆隶楷行草五体字典
|
|
| 作者: | ;黄山书社 出版 | |
| 分册: | ||
| 出版信息: | 合肥 黄山书社 1985 |
|
| 页数: | 968页 | |
| 开本: | 19cm | |
| 丛书名: | ||
| 单 册: | ||
| 中图分类: | J292.3 | |
| 科图分类: | ||
| 主题词: | 汉字--法帖 , 汉字--书法 | |
| 电子资源: | ||
| ISBN: | ||
| 000 | 00669nam0 2200241 45 | |
| 001 | 0185009030 | |
| 005 | 20050428112812.8 | |
| 010 | @b精装@dCNY7.70 | |
| 091 | @aCN@b9379.1 | |
| 100 | @a19900918d1985 em y0chiy0121 ea | |
| 101 | 0 | @achi |
| 102 | @aCN@b340000 | |
| 105 | @ay e 000yy | |
| 200 | 10 | @a篆隶楷行草五体字典@Azhuan li kai xing cao wu ti zi dian@f黄山书社 出版@FHuang Shan Shu She Chu Ban |
| 210 | @a合肥@c黄山书社@d1985 | |
| 215 | @a968页@d19cm | |
| 606 | @a汉字@x法帖 | |
| 606 | 0 | @a汉字@x书法 |
| 690 | @aJ292.3@v3 | |
| 711 | 02 | @a黄山书社@4出版 |
| 801 | 0 | @aCN@b深圳图书馆@c20050427 |
| 801 | 2 | @aCN@bNLC@c20050427 |
| 905 | @f1@b157435@dJ292.3@e11 | |
| 篆隶楷行草五体字典/黄山书社 出版.-合肥:黄山书社,1985 |
| 968页;19cm |
| ISBN (精装):CNY7.70 |
| ● |
| 相关链接 |
|
|
|
|
正题名:篆隶楷行草五体字典
索取号:J292.3/11
 
预约/预借
| 序号 | 登录号 | 条形码 | 馆藏地/架位号 | 状态 | 备注 |
| 1 | 0157435 | 000696857 | 工具书阅览室/ [索取号:J292.3/11] | 在馆 | |
| 2 | 0157437 | 001552457 | 第一样本阅览室/ [索取号:J292.3/11] | 在馆 |